header

Generating social capital (Record no. 87011)

MARC details
000 -LEADER
fixed length control field 01320nam a2200349Ia 4500
245 00 - TITLE STATEMENT
Title Generating social capital
250 ## - EDITION STATEMENT
Edition statement 1st ed.
260 ## - PUBLICATION, DISTRIBUTION, ETC. (IMPRINT)
Place of publication New York :
Name of publisher Palgrave Macmillan,
Year of publication 2003.
300 ## - PHYSICAL DESCRIPTION
Number of Pages vi, 256 p.
650 #0 - SUBJECT ADDED ENTRY--TOPICAL TERM
Topical Term Social capital (Sociology)
Topical Term Civil society.
700 1# - ADDED ENTRY--PERSONAL NAME
Personal name Hooghe, Marc.
Personal name Stolle, Dietlind,
856 40 - ELECTRONIC LOCATION AND ACCESS
Uniform Resource Identifier http://site.ebrary.com/lib/rucke/Doc?id=10135719

No items available.

© 2026 Rongo University
Contact us: librarian | system librarian | Rongo university